000 01378nam a2200325 i 4500
003 EG-GICUC
005 20260121101646.0
008 260104s2011 ua ||||f |||| 00| 0 ara d
017 _a2011/20978
020 _a9775866456
040 _a EG-GICUC
_bara
_c EG-GICUC
_d EG-GICUC
_erda
041 _aara
082 0 4 _221
_a345.693
_bه ش . ر
092 0 4 _221
099 _aLaw1 07 345.693 ه ش . ر 2011
100 0 _aهشام عبد المنعم عكاشة
_eمؤلف.
245 1 0 _aرقابة القاضي الإداري لقرارات إبعاد الأجانب :
_bدراسة تأصيلية قضائية لأهم أحكام مجلس الدولة المصري والاتفاقية الأوروبية لحقوق الإنسان /
_cدكتور هشام عبد المنعم عكاشة .
264 1 _aالقاهرة :
_bدار النهضة العربية ،
_c2011 .
300 _a262 ؛ صفحة
_c24 سم
336 _2rda content
_atext
337 _2rda media
_aComputer
338 _2rda carrier
_aOnline Resource
504 _aيشتمل على إرجاعات ببليوجرافية
650 1 4 _aالرقابة القضائية علي اعمال الادارة
_zمصر
_2qrmak
650 1 4 _aالقانون الإداري
_zمصر
651 1 _2qrmak
856 4 0 _uhttps://fll.law.cu.edu.eg/fulltext/bks/B07-02455.pdf
905 _a61
942 _2ddc
_cBK
_e21
_n0
999 _c54506
_d54506